| 000 | 00598 a2200193 4500 | ||
|---|---|---|---|
| 003 | NUST | ||
| 005 | 20230330121740.0 | ||
| 010 | _a 90063554 | ||
| 020 | _a0312049080 (pbk.) | ||
| 040 | _cNust | ||
| 082 | 0 | 0 | _a909,REI |
| 245 | 0 | 0 |
_aReadings in world civilizations / _c[edited by] Kevin Reilly. |
| 250 | _a2nd ed. | ||
| 260 |
_aNew York : _bSt. Martin's Press, _c<c1992- > |
||
| 300 |
_av.358 p.; _c23 cm. |
||
| 505 | _aThe Early Modern World (Page-3), The World of the West (Page-99), The Modern World (Page-219) . | ||
| 650 | 0 |
_aCivilization _xHistory. _93712 |
|
| 942 |
_2ddc _cBK _k909,REI |
||
| 999 |
_c186136 _d186136 |
||